000 02680nam0a2200397 4500
001 RU\NLR\bibl\1690837
005 20260408002426.0
010 _a978-5-91521-026-3
_91000
021 _aRU
_b2010-2794и
_9283и
035 _a(NLR Aleph) 001681955
090 _a1106865
_c1106865
100 _a20101027d2010 |||y0rusy50 ca
101 0 _arus
102 _aRU
105 _aa |||||||||
200 1 _aШедевры европейской графики из собрания В.Н. и Н.В.Басниных
_e[каталог выставки, 12 октября - 12 декабря 2010 года]
_eк 100-летию Государственного музея изобразительных искусств имени А.С. Пушкина
_f[сост.: Н.О. Веденеева
_gавт. ст.: Л.Л. Бойчук и др.
_gавт. вступ. ст.: О.Н. Антонов и др.]
210 _aМосква
_cКрасная площадь
_d2010
215 _a431, [1] с.
_cил., цв. ил., портр.
_d29
300 _aВ надзаг.: М-во культуры Рос. Федерации, Гос. музей изобраз. искусств им. А.С. Пушкина, Гос. ист. музей
320 _aБиблиогр. в тексте
320 _aУказ. имен: с. 429-431
601 0 2 _aГосударственный музей изобразительных искусств им. А.С. Пушкина
_cМосква, город
_jКаталоги
_xКоллекция графики
_xВыставки
_y2010
_92610573
_3RU\NLR\auth\661547131
606 1 _aГрафика
_jКаталоги
_xВыставки
_yЕвропа Западная
_yМосква, город
_z2010
_92610574
_3RU\NLR\auth\661547132
686 _aЩ153(0)л62
686 _aЩ101.3(2Р)-2Москва2ГМИИ л62
702 1 _aВеденеева
_bН. О.
_gНаталия Олеговна
_4220
702 1 _aБаснин
_bВ. Н.
_gВасилий Николаевич
_4570
702 1 _aБаснин
_bН. В.
_gНиколай Васильевич
_4570
711 1 2 _a"Шедевры европейской графики из собрания В. Н. и Н. В. Басниных", выставка
_f2010
_eМосква
_3RU\NLR\AUTH\8810166846
_9829598
712 0 2 _4570
_aГосударственный музей изобразительных искусств им. А. С. Пушкина
_cМосква
_3RU\NLR\AUTH\883002
_9277150
801 0 _aRU
_bNLR
_c20101027
_gRCR
801 1 _aRU
_bNLR
_c20101027
830 _aсост. по ЭК
942 _cBOOK
980 _aNB